Les derniers sauvages: La vie et les moeurs aux Iles Marquises, [1842-1859]. Illustrations inédites de l'auteur

Saved in:
Bibliografiske detaljer
Hovedforfatter: Radiguet, Max (Author)
Format: Bog
Sprog:fransk
Udgivet: París Duchartre & Van Buggenhoudt 1929
Udgivelse:1a. ed
Serier:Collection Laque Orange, Aventures et voyages
Fag:
Tags: Tilføj Tag
Ingen Tags, Vær først til at tagge denne postø!

MARC

LEADER 00000nam a2200000 a 4500
001 UCJ5539
003 CL-VaPUC
008 070124e19290325FR |||||||||||||||||fre|d
082 0 4 |a 910.4  |b RAD  |2 21 
100 0 |a Radiguet, Max  |e author  |9 510801 
245 1 4 |a Les derniers sauvages: La vie et les moeurs aux Iles Marquises, [1842-1859]. Illustrations inédites de l'auteur  
250 |a 1a. ed 
300 |a 240 p 
942 |c BK 
945 |d 20070124 00:00:00  |a rinostro 
260 |a París  |b Duchartre & Van Buggenhoudt  |c 1929 
500 |a Ilustraciones según índice 
650 0 |a Viajes  |9 257115 
650 0 |a Geografía  |9 259346 
650 0 |a Antropología   |9 233030 
650 0 |a Cultura  |9 269059 
650 0 |a Misioneros  |9 324171 
650 7 |a COLONIALISMO FRANCES  |2 CL-VaPUC  |9 506073 
650 7 |a SACRIFICIOS HUMANOS  |2 CL-VaPUC  |9 268051 
650 7 |a CANIBALISMO  |2 CL-VaPUC  |9 410514 
650 0 |a Ilustraciones  |9 369481 
651 7 |a POLINESIA  |2 CL-VaPUC  |9 510802 
651 7 |a ISLAS MARQUESAS  |2 CL-VaPUC  |9 507618 
583 |a last modification  |c 20070124 00:00:00  |k Rodrigo Vera 
490 0 |a Collection Laque Orange, Aventures et voyages 
999 |c 321648  |d 321646 
952 |0 0  |1 0  |4 0  |6 910_400000000000000_RAD_1929  |7 0  |8 X  |9 400447  |a FDOBUD  |b FDOBUD  |d 2019-11-22  |i 1036033  |o 910.4 RAD 1929  |p 1036033  |r 2019-11-22  |w 2019-11-22  |y BK_X  |k BUD